Statistiques concernant Les 30 pays les plus autoritaires

Cliquez ici pour prendre le quiz!

Statistiques générales

  • Ce quiz a été pris 334 fois
  • Le résultat moyen est 20 sur 30

Statistiques - réponses

Indice de démocratie 2019Pays% Correct
1,08Corée du Nord
97%
2,26Chine
93%
2,38Iran
87%
2,85Afghanistan
84%
1,93Arabie Saoudite
81%
1,43Syrie
81%
1,95Yémen
76%
1,13Congo-Kinshasa
74%
2,02Libye
73%
1,72Turkménistan
73%
2,01Ouzbékistan
71%
2,48Biélorussie
70%
2,76Emirats arabes unis
70%
2,70Soudan
70%
2,94Kazakhstan
69%
1,93Tadjikistan
69%
3,06Oman
67%
2,84Cuba
65%
1,61Tchad
65%
2,88Vénézuela
62%
2,75Azerbaïdjan
56%
2,55Bahreïn
54%
1,32République Centrafricaine
52%
2,37Erythrée
51%
2,14Laos
49%
2,77Djibouti
45%
2,85Cameroun
44%
2,15Burundi
40%
1,92Guinée équatoriale
35%
2,63Guinée-Bissau
34%

Distribution des résultats

Percentile par nombre de réponses

% des personnes avec chaque résultat

Votre développement - résultats

Vous n’avez pas pris ce quiz